[Event "Portoroz op 10th"]
[Site "Portoroz"]
[Date "2016.07.23"]
[Round "1"]
[White "Savli, Marko"]
[Black "Debevec, Blaz"]
[Result "0-1"]
[WhiteElo "1676"]
[BlackElo "2154"]
[PlyCount "68"]
[EventDate "2016.07.23"]
[EventType "swiss"]
[EventRounds "9"]
[EventCountry "SLO"]
[SourceTitle "CBM 173 Extra"]
[Source "ChessBase"]
[SourceDate "2016.08.29"]
[SourceVersion "1"]
[SourceVersionDate "2016.08.29"]
[SourceQuality "1"]

1. c4 Nf6 2. Nc3 e5 3. e4 Nc6 4. d3 Bc5 5. h3 d6 6. Nge2 Be6 7. g3 h5 8. Bg5 Nd4 9. Bg2 Qc8 10. Nd5 Nxd5 11. cxd5 Bd7 12. Nxd4 Bxd4 13. Qe2 c5 14. Be3 h4 15. g4 Qd8 16. Bxd4 cxd4 17. 0-0 g5 18. Qd2 a5 19. b4 f6 20. Rfb1 b5 21. bxa5 Rxa5 22. Qb4 Ke7 23. Bf3 Qa8 24. Qd2 Rc8 25. Bd1 Rc3 26. Rb3 Ra3 27. Rxa3 Qxa3 28. Be2 b4 29. Rb1 Bb5 30. Rd1 Ba4 31. Rb1 Bc2 32. Ra1 b3 33. Qc1 Qxc1+ 34. Rxc1 b2 0-1

[Event "Kozje op 2nd"]
[Site "Kozje"]
[Date "2015.09.11"]
[Round "1"]
[White "Savli, Marko"]
[Black "Urbanc, Peter"]
[Result "1/2-1/2"]
[WhiteElo "1664"]
[BlackElo "2100"]
[PlyCount "166"]
[EventDate "2015.09.11"]
[EventType "swiss"]
[EventRounds "5"]
[EventCountry "SLO"]
[SourceTitle "EXT 2016"]
[Source "ChessBase"]
[SourceDate "2015.10.08"]
[SourceVersion "1"]
[SourceVersionDate "2015.10.08"]
[SourceQuality "1"]

1. c4 b6 2. Nc3 Bb7 3. d3 e5 4. e4 Nc6 5. Nge2 g6 6. g3 Bg7 7. Bg2 Nge7 8. 0-0 0-0 9. Bg5 Nd4 10. Nxd4 exd4 11. Nd5 f6 12. Bf4 c6 13. Nb4 c5 14. Nd5 Bxd5 15. exd5 d6 16. Re1 g5 17. Bd2 Ng6 18. f4 gxf4 19. gxf4 f5 20. Qh5 Qh4 21. Qxh4 Nxh4 22. Re6 Rae8 23. Rae1 Rxe6 24. Rxe6 Rf6 25. Re7 Rg6 26. Re2 Nf3+ 27. Kh1 Nxd2 28. Rxd2 Rg4 29. Rf2 Rh4 30. Rf3 Kf7 31. Bh3 Bh6 32. Bxf5 Bxf4 33. Rh3 Rxh3 34. Bxh3 Kf6 35. Bg2 Kg5 36. Be4 h5 37. Kg2 Bc1 38. b3 Kf4 39. Kf2 h4 40. h3 Ba3 41. Bg6 a6 42. Be8 Bc1 43. Bg6 b5 44. Be8 bxc4 45. bxc4 Ba3 46. Bg6 Ke5 47. Be4 Bb4 48. Ke2 Ba3 49. Kf2 Kf6 50. Kf3 Kg5 51. Bh7 a5 52. Be4 a4 53. Bh7 Bb4 54. Be4 Kf6 55. Ke2 Ke7 56. Bf5 Kd8 57. Kd1 Kc7 58. Kc2 Kb6 59. Kb1 Ka5 60. Be4 Ba3 61. Kc2 Kb4 62. Bf5 Ka5 63. Be4 Bb4 64. Bf5 Bc3 65. Bg6 Kb4 66. Kb1 Be1 67. Bf5 Kc3 68. Be4 Kd2 69. Bf5 a3 70. Be4 Bg3 71. Bf5 Bf4 72. Be4 Kd1 73. Bf5 Bc1 74. Be4 Kd2 75. Bf5 Bb2 76. Be4 Ke3 77. Bf5 Kf3 78. Kc2 Kf4 79. Bg4 Kg3 80. Bf5 Kf4 81. Be6 Kg3 82. Bf5 Kf4 83. Be6 Kg3 1/2-1/2

[Event "Fiesa op 2nd"]
[Site "Fiesa"]
[Date "2012.10.28"]
[Round "5"]
[White "Savli, Marko"]
[Black "Markocic, Tine"]
[Result "0-1"]
[WhiteElo "1652"]
[BlackElo "1742"]
[PlyCount "66"]
[EventDate "2012.10.26"]
[EventType "swiss"]
[EventRounds "5"]
[EventCountry "SLO"]
[SourceTitle "EXT 2015"]
[Source "ChessBase"]
[SourceDate "2014.11.20"]
[SourceVersion "1"]
[SourceVersionDate "2014.11.20"]
[SourceQuality "1"]

1. c4 c5 2. Nc3 Nc6 3. d3 g6 4. g3 Bg7 5. Bg2 d6 6. Nf3 Nf6 7. Bg5 h6 8. Bxf6 Bxf6 9. Rb1 0-0 10. 0-0 Be6 11. Nd2 Qd7 12. Re1 Rab8 13. Qc1 a6 14. Nf1 Bg7 15. Ne3 Nd4 16. b4 cxb4 17. Rxb4 b5 18. Ncd5 a5 19. Rb1 Rfc8 20. a3 Bxd5 21. Nxd5 e6 22. Ne3 b4 23. axb4 axb4 24. Ng4 h5 25. Ne3 b3 26. Bh3 Qa4 27. Nd5 exd5 28. Bxc8 Rxc8 29. e3 Nf3+ 30. Kg2 Nxe1+ 31. Qxe1 dxc4 32. dxc4 Qxc4 33. Qd2 Qe4+ 0-1

[Event "Porec op"]
[Site "Porec"]
[Date "2011.12.01"]
[Round "1"]
[White "Savli, Marko"]
[Black "Vidic, Miha"]
[Result "0-1"]
[WhiteElo "1680"]
[BlackElo "2068"]
[PlyCount "58"]
[EventDate "2011.12.01"]
[EventType "swiss"]
[EventRounds "7"]
[EventCountry "CRO"]
[SourceTitle "CBM 145 Extra"]
[Source "ChessBase"]
[SourceDate "2012.01.03"]
[SourceVersion "1"]
[SourceVersionDate "2012.01.03"]
[SourceQuality "1"]

1. d4 Nf6 2. c4 c6 3. Nc3 d5 4. e3 e6 5. Nf3 Nbd7 6. Bd3 dxc4 7. Bxc4 b5 8. Bd3 a6 9. 0-0 c5 10. Ne4 Bb7 11. Qc2 Rc8 12. Nxf6+ Nxf6 13. Qe2 cxd4 14. Nxd4 Qb6 15. b3 Be7 16. Bb2 0-0 17. Rac1 Nd5 18. Rfd1 Bf6 19. a3 Rfd8 20. b4 Rxc1 21. Rxc1 Nf4 22. exf4 Bxd4 23. Bxd4 Rxd4 24. Qc2 g6 25. g3 Qd6 26. Bf1 Qd5 27. f3 Qxf3 28. Bg2 Qe3+ 29. Kh1 Bxg2+ 0-1

[Event "Lucija op 3rd"]
[Site "Lucija"]
[Date "2011.08.17"]
[Round "6"]
[White "Feld, Slavko"]
[Black "Savli, Marko"]
[Result "0-1"]
[WhiteElo "1500"]
[BlackElo "1671"]
[PlyCount "122"]
[EventDate "2011.08.14"]
[EventType "swiss"]
[EventRounds "9"]
[EventCountry "SLO"]
[SourceTitle "EXT 2012"]
[Source "ChessBase"]
[SourceDate "2011.11.24"]
[SourceVersion "1"]
[SourceVersionDate "2011.11.24"]
[SourceQuality "1"]

1. e4 e6 2. Nf3 d5 3. e5 c5 4. c3 Nc6 5. d4 Qb6 6. b3 Nge7 7. dxc5 Qxc5 8. Be3 Qa5 9. Bd4 Nf5 10. b4 Qc7 11. Be2 Nfxd4 12. Nxd4 Qxe5 13. 0-0 Bd6 14. f4 Qf6 15. Bb5 Bd7 16. Bxc6 bxc6 17. Qd2 0-0 18. a4 e5 19. Ne2 exf4 20. Nxf4 Qe5 21. Na3 g5 22. Rae1 Qg7 23. Nh5 Qh6 24. Qd1 f5 25. Ng3 Bxg3 26. hxg3 Rae8 27. Rxe8 Rxe8 28. Nc2 Qg7 29. Qd2 Re4 30. a5 Qe7 31. Re1 h6 32. Rxe4 fxe4 33. Qe3 Bc8 34. Qd4 Ba6 35. Ne3 Qg7 36. Qc5 Qd7 37. g4 Be2 38. Nf5 Kf7 39. Qd4 Kg6 40. Qe5 Bxg4 41. Qd6+ Qxd6 42. Nxd6 Kf6 43. Kf2 Be6 44. Ke3 Ke5 45. Ne8 h5 46. Ng7 Bf7 47. g4 hxg4 48. Kf2 Kf6 49. Kg3 Kxg7 50. Kxg4 Be6+ 51. Kg3 Kf6 52. Kf2 Ke5 53. Ke3 g4 54. Kf2 Kf4 55. b5 cxb5 56. Ke2 g3 57. a6 g2 58. Kf2 g1Q+ 59. Kxg1 Ke3 60. Kf1 Kd2 61. c4 dxc4 0-1

[Event "Nova Gorica op-B 15th"]
[Site "Nova Gorica"]
[Date "2010.02.03"]
[Round "6"]
[White "Savli, Marko"]
[Black "Brank, Bine"]
[Result "0-1"]
[WhiteElo "1649"]
[BlackElo "1901"]
[PlyCount "68"]
[EventDate "2010.01.31"]
[EventType "swiss"]
[EventRounds "9"]
[EventCountry "SLO"]
[SourceTitle "CBM 134 Extra"]
[Source "ChessBase"]
[SourceDate "2010.03.03"]
[SourceVersion "1"]
[SourceVersionDate "2010.03.03"]
[SourceQuality "1"]

1. d4 Nf6 2. c4 e6 3. Nc3 Bb4 4. Bd2 Bxc3 5. Bxc3 b6 6. e3 Bb7 7. Nf3 0-0 8. Bd3 d6 9. 0-0 Nbd7 10. b3 c5 11. Re1 d5 12. Rc1 Rc8 13. Qc2 Qe7 14. Ng5 h6 15. Nh3 Rfd8 16. Nf4 cxd4 17. exd4 Qd6 18. Qd2 dxc4 19. Bb4 c3 20. Bxc3 a5 21. f3 Nb8 22. Ne2 Nd5 23. Bb2 Nc6 24. Be4 Nce7 25. Rc2 Ba6 26. Rec1 Rxc2 27. Rxc2 Qb4 28. Qd1 Ne3 29. Qc1 Nxc2 30. Bxc2 Bxe2 31. Ba3 Qxd4+ 32. Kh1 Nd5 33. Bb2 Qe3 34. Qa1 Nb4 0-1

[Event "SLO-ch qual"]
[Site "Otocec"]
[Date "2009.07.11"]
[Round "9"]
[White "Dobrovoljc, Andreja"]
[Black "Savli, Marko"]
[Result "1-0"]
[WhiteElo "1581"]
[BlackElo "1558"]
[PlyCount "43"]
[EventDate "2009.07.07"]
[EventType "swiss"]
[EventRounds "9"]
[EventCountry "SLO"]
[SourceTitle "EXT 2010"]
[Source "ChessBase"]
[SourceDate "2010.11.25"]
[SourceVersion "1"]
[SourceVersionDate "2010.11.25"]
[SourceQuality "1"]

1. d4 Nf6 2. c4 e6 3. a3 b6 4. Nc3 Bb7 5. Bf4 Be7 6. e3 0-0 7. Nf3 c5 8. Be2 Nc6 9. d5 exd5 10. cxd5 Nb8 11. d6 Nh5 12. dxe7 Qxe7 13. Bd6 Qf6 14. Bxf8 Kxf8 15. 0-0 Bc8 16. Nd5 Qc6 17. Ne5 Qe6 18. Nc7 Qxe5 19. Nxa8 Bb7 20. Bxh5 Bxa8 21. Bf3 d5 22. Qd2 1-0

[Event "SLO-ch qual"]
[Site "Otocec"]
[Date "2009.07.10"]
[Round "7"]
[White "Savli, Marko"]
[Black "Djuricic, Domen"]
[Result "0-1"]
[WhiteElo "1558"]
[BlackElo "1586"]
[PlyCount "52"]
[EventDate "2009.07.07"]
[EventType "swiss"]
[EventRounds "9"]
[EventCountry "SLO"]
[SourceTitle "EXT 2010"]
[Source "ChessBase"]
[SourceDate "2010.11.25"]
[SourceVersion "1"]
[SourceVersionDate "2010.11.25"]
[SourceQuality "1"]

1. d4 d5 2. c4 e6 3. Nc3 Nf6 4. Nf3 Be7 5. e3 0-0 6. Bd3 b6 7. Qc2 Nbd7 8. 0-0 Bb7 9. Ne5 h6 10. cxd5 Nxd5 11. Rd1 Nb4 12. Qe2 Nxd3 13. Rxd3 Ba6 14. e4 Nxe5 15. Bxh6 Bxd3 16. Qh5 gxh6 17. Qxh6 Ng6 18. f4 Qxd4+ 19. Kh1 Qg7 20. Qh3 Nxf4 21. Qf3 Qxg2+ 22. Qxg2+ Nxg2 23. Rg1 Kh8 24. Rxg2 Rg8 25. Rd2 Rad8 26. Nd5 Bxe4+ 0-1

[Event "SLO-ch qual"]
[Site "Otocec"]
[Date "2009.07.07"]
[Round "1"]
[White "Savli, Marko"]
[Black "Vidic, Miha"]
[Result "1/2-1/2"]
[WhiteElo "1558"]
[BlackElo "1989"]
[PlyCount "32"]
[EventDate "2009.07.07"]
[EventType "swiss"]
[EventRounds "9"]
[EventCountry "SLO"]
[SourceTitle "EXT 2010"]
[Source "ChessBase"]
[SourceDate "2010.11.25"]
[SourceVersion "1"]
[SourceVersionDate "2010.11.25"]
[SourceQuality "1"]

1. d4 Nf6 2. Nf3 g6 3. c4 Bg7 4. Nc3 0-0 5. e3 c5 6. Be2 cxd4 7. Nxd4 Nc6 8. 0-0 a6 9. b3 Nxd4 10. exd4 d5 11. h3 dxc4 12. bxc4 Qc7 13. Qd3 Rd8 14. Be3 e5 15. d5 Bf5 16. Qd2 Ne4 1/2-1/2